The dynamics of grace : perspectives in theological anthropology

Αποθηκεύτηκε σε:
Λεπτομέρειες βιβλιογραφικής εγγραφής
Κύριος συγγραφέας: Duffy, Stephen (Stephen J.)
Μορφή: Βιβλίο
Γλώσσα:English
Δημοσίευση: Minnesota : The Liturgical Press, c1993.
Σειρά:New theology studies ; 3
Θέματα:
Ετικέτες: Προσθήκη ετικέτας
Δεν υπάρχουν, Καταχωρήστε ετικέτα πρώτοι!

MARC

LEADER 00000cam a2200000 i 4500
001 1/25238
008 981208s1993 mnu| ||| |||| ||eng||
020 |a 0814657907 
035 |l 10037286 
040 |a GR-MyUa  |b gre  |e AACR2 
041 0 |a eng 
082 7 |a 234.09   |2 (22) 
100 1 |a Duffy, Stephen   |q (Stephen J.) 
245 1 4 |a The dynamics of grace :   |b perspectives in theological anthropology /   |c Stephen J. Duffy. 
260 |a Minnesota :   |b The Liturgical Press,   |c c1993. 
300 |a 398 σ. ;   |c 23 εκ. 
490 1 |a (New theology studies ;   |v 3) 
504 |a Περιλαμβάνει βιβλιογραφικές παραπομπές και ευρετήριο. 
650 0 0 |a Grace (Theology)  |x History of doctrines. 
650 0 |a Theological anthropology  |x Christianity. 
650 0 |a Theological anthropology  |x Christianity  |x History of doctrines. 
650 0 0 |a Grace (Theology) 
830 0 |a New theology studies ;  |v 3 
852 |a INST  |b LESVOS  |e 19981208  |h 234.09 DUF  |p 005100017522  |q 005100017522  |t BK  |y 0 
901 |a BIBL-1999-1 
922 |a 1ΕΛΗ  |b 199810  |c ΚΠΣ/ΤΚΑ  |d ΠΑΠΑΣΩΤΗΡΙΟΥ 
950 |a 117-1998-07-12